000 00478nmm a2200157Ia 4500
008 251105s9999||||xx |||||||||||||||||und||
020 _a9788415216971
041 _aspa
100 _aGoldman, Emma
245 0 _aVisión en llamas. Emma Goldman sobre la Revolución española
264 _a[Madrid, España] :
_bEl Viejo Topo,
_c2012
300 _a416 páginas
650 _aHistory of Europe: Spain
856 _uhttps://public.digitaliapublishing.com/a/57898
942 _cCF
999 _c76575
_d76575